Teorie a praxe finanční struktury podniku v tržní ekonomice.

Teória finančnej štruktúry podniku v trhovej ekonomike. Náklady kapitálu a optimálna finančná štruktúra. Východiskové predpoklady krivky priemerných nákladov celkového kapitálu. Ekonomická charakteristika podniku a finančná štruktúra. Praktické poznatky z úrovne a vývoja finančnej štruktúry podniku...

Descrizione completa

Salvato in:
Dettagli Bibliografici
Autore principale: Valach, J.
Natura: Capitolo di libro
Lingua:ceco
Soggetti:
Tags: Aggiungi Tag
Nessun Tag, puoi essere il primo ad aggiungerne!!

MARC

LEADER 00000naa a2200000 4500
001 r010681
005 20220831090437.5
041 0 |a cze 
044 |a [CS] 
245 1 0 |a Teorie a praxe finanční struktury podniku v tržní ekonomice.  |c J. Valach 
520 |a Teória finančnej štruktúry podniku v trhovej ekonomike. Náklady kapitálu a optimálna finančná štruktúra. Východiskové predpoklady krivky priemerných nákladov celkového kapitálu. Ekonomická charakteristika podniku a finančná štruktúra. Praktické poznatky z úrovne a vývoja finančnej štruktúry podniku v trhovej ekonomike (vlastný a cudzí kapitál, dlhy, priemerné náklady..). 
610 2 0 |a hospodárstvo trhové 
610 2 0 |a náklady 
610 2 0 |a kapitál finančný 
610 2 0 |a podnik 
610 2 0 |a financie podnikové 
610 2 0 |a zdroje finančné vlastné 
610 2 0 |a zdroje finančné cudzie 
610 2 0 |a štruktúra kapitálová 
100 1 |a Valach, J.